Consumer behavior / (Record no. 19830)
[ view plain ]
| 000 -LEADER | |
|---|---|
| fixed length control field | 00961cam a22003135a 4500 |
| 001 - CONTROL NUMBER | |
| control field | 016739957 |
| 003 - CONTROL NUMBER IDENTIFIER | |
| control field | OSt |
| 005 - DATE AND TIME OF LATEST TRANSACTION | |
| control field | 20160210144812.0 |
| 008 - FIXED-LENGTH DATA ELEMENTS--GENERAL INFORMATION | |
| fixed length control field | 140704t2015 enka frbd 001 0 eng d |
| 020 ## - INTERNATIONAL STANDARD BOOK NUMBER | |
| International Standard Book Number | 9780273787136 |
| 020 ## - INTERNATIONAL STANDARD BOOK NUMBER | |
| International Standard Book Number | 0273787136 |
| 040 ## - CATALOGING SOURCE | |
| Original cataloging agency | StDuBDS |
| Language of cataloging | eng |
| Transcribing agency | StDuBDS |
| Modifying agency | Uk |
| -- | EG-ScBUE |
| 082 04 - DEWEY DECIMAL CLASSIFICATION NUMBER | |
| Classification number | 658.8342 |
| Item number | SCH |
| Edition number | 22 |
| 100 1# - MAIN ENTRY--PERSONAL NAME | |
| Personal name | Schiffman, Leon G. |
| 9 (RLIN) | 38217 |
| 245 10 - TITLE STATEMENT | |
| Title | Consumer behavior / |
| Statement of responsibility, etc | Leon G. Schiffman, Joseph Wisenblit. |
| 250 ## - EDITION STATEMENT | |
| Edition statement | 11th ed., Global ed. |
| 260 ## - PUBLICATION, DISTRIBUTION, ETC. (IMPRINT) | |
| Place of publication, distribution, etc | Harlow : |
| Name of publisher, distributor, etc | Pearson Education Limited, |
| Date of publication, distribution, etc | c.2015. |
| 300 ## - PHYSICAL DESCRIPTION | |
| Extent | 492 p. : |
| Other physical details | ill. (col.) ; |
| Dimensions | 28 cm. |
| 500 ## - GENERAL NOTE | |
| General note | Includes indexes. |
| 500 ## - GENERAL NOTE | |
| General note | Glossary : p. 453-470. |
| 504 ## - BIBLIOGRAPHY, ETC. NOTE | |
| Bibliography, etc | Bibliography : p. 429-452. |
| 590 ## - LOCAL NOTE (RLIN) | |
| Local note | Sara elBakry |
| 650 #0 - SUBJECT ADDED ENTRY--TOPICAL TERM | |
| Topical term or geographic name as entry element | Consumer behavior. |
| Source of heading or term | BUEsh |
| 650 #0 - SUBJECT ADDED ENTRY--TOPICAL TERM | |
| Topical term or geographic name as entry element | Motivation research (Marketing) |
| Source of heading or term | BUEsh |
| 651 ## - SUBJECT ADDED ENTRY--GEOGRAPHIC NAME | |
| Source of heading or term | BUEsh |
| 653 ## - INDEX TERM--UNCONTROLLED | |
| Resource For college | BAEPS, Business Administration |
| Arrived date list | June2015 |
| -- | July2015 |
| 700 1# - ADDED ENTRY--PERSONAL NAME | |
| Personal name | Wisenblit, Joseph. |
| 942 ## - ADDED ENTRY ELEMENTS (KOHA) | |
| Source of classification or shelving scheme | Dewey Decimal Classification |
| Call number prefix | 658.8342 SCH |
| Withdrawn status | Item status | Source of classification or shelving scheme | Damaged status | Not for loan | Vendor | Home library | Current library | Shelving location | Date acquired | Source of acquisition | Cost, normal purchase price | Serial Enumeration / chronology | Total Checkouts | Total Renewals | Full call number | Barcode | Date last seen | Date last borrowed | Cost, replacement price | Koha item type |
|---|---|---|---|---|---|---|---|---|---|---|---|---|---|---|---|---|---|---|---|---|
| Lost & Replaced | Dewey Decimal Classification | Alahram | Central Library | Central Library | First floor | 22/06/2015 | Purchase | 295.00 | 326 | 2 | 13 | 658.8342 SCH | 000038854 | 28/10/2020 | 17/03/2018 | 368.75 | Book - Borrowing | |||
| Dewey Decimal Classification | Baccah | Central Library | Central Library | First floor | 19/02/2018 | Purchase | 658.8342 SCH | 000042984 | 15/07/2025 | NB - Book (Non borrowing) | ||||||||||
| Dewey Decimal Classification | Baccah | Central Library | Central Library | First floor | 19/02/2018 | Purchase | 2 | 5 | 658.8342 SCH | 000042985 | 03/09/2025 | 17/07/2023 | Book - Borrowing |